1400 1369 1202 1750 1552 1701 1059 1374 1549 1758 1397 1399 1660 1399 1861 1294 1973 1767 1231 1000 1233 1271 1805 1932 1900 1125 1694 1592 1847 1841 1569 1967 1799 1716 1250 1813 1417 1777 1728 1575 1398 1925 1225 1445 1507 1778 1421 1618 1478 1249 1050 1211 1146 1689 1697 1502 1965 1185 1943 1260 1917 1526 1783 1558 1477 1989 1870 1996 1187 1890 1949 1978 1819 1101 1794 1211 1400 1048 1881 1443 1413 1886 1630 1298 1566 1701 1581 1426 1842 1160 1890 1346 1107 1472 1000 1346 1345 1697 1113 BCNSPRNW ULIB Ver.6.0+V

เปลี่ยนเป็นภาษาไทย

Change to English
 แสดงรายละเอียดบรรณานุกรม
  กลับหน้าหลัก

Brief Record : Get Marc (ISO 2709) : E-mail record : QR code < ปิดหน้าต่าง
LEADER : 00000nam 2200000uu 4500
001    13399110976
003     ULIB
008    110614s||||||||th 000 0 tha d
020    9789740653745
050  4 AC158^bย382ว 2551
100 1  ชินโฮู, กวอน
245 10 วิทยาศาสตร์ฉลาดรู้ เรื่อง ระบบต่างๆของร่างกาย /^cกวอนชันโฮ, เขียน ; วิภาพร พูลสวัสดิ์, แปล
250    พิมพ์ครั้งที่ 2
260    กรุงเทพฯ :^bอัมรินทร์คอมมิกส์,^c2551
300    197 หน้า :^bภาพประกอบ ;^c21 ซม.
440  0 ชุดวิทยาศาสตร์ฉลาดรู้ ;^vลำดับที่ 11
650  7 การ์ตูน
650  7 อวัยวะ^xวรรณกรรมสำหรับเด็ก
650  7 วรรณกรรมเกาหลี
650  7 วรรณกรรมสำหรับเด็ก
700 0  วิภาพร พูลสวัสดิ์,^eผู้แปล
945    ^p199^l0^i024351
995    ทศพร
999 ^a ใช้งานได้ทุกระบบ
รายการนี้ยังไม่มีแท็ก
คุณยังไม่ได้ล็อกอิน คุณสามารถมีกิจกรรมร่วมกับเว็บไซต์ได้ แต่ต้องล็อกอินก่อน ::
  ล็อกอิน

รายการสื่อสารสนเทศ

ลำดับที่ ประเภท เลขเรียก/บาร์โค้ด สถานที่ สถานะ
- ไม่พบข้อมูล -

รายการใกล้เคียง
    หัวเรื่อง [การ์ตูน]
    หัวเรื่อง [วรรณกรรมเกาหลี]
    หัวเรื่อง [วรรณกรรมสำหรับเด็ก]

BibComment


ยังไม่เคยถูกคอมเมนท์

คอมเมนท์ทรัพยากรรายการนี้
  คอมเมนท์: วิทยาศาสตร์ฉลาดรู..


 Copyright 2026. Bcnsprnw @Library